| 000 | 00350 a2200157 4500 | ||
|---|---|---|---|
| 001 | 61248 | ||
| 020 | _a | ||
| 040 | _cAnchieta - Pituba | ||
| 100 | _aFaria, Rita Brugin de | ||
| 240 | 1 | 0 |
_aTraveling aroud Europe 7 _lIng |
| 245 | 1 | 0 | _aTraveling aroud Europe 7 |
| 300 | _a32 | ||
| 362 | 0 | _a2004 | |
| 650 | 4 | _aInglês e inglês antigo | |
| 942 | _cBK | ||
| 999 |
_c61248 _d61248 |
||